MDQL
is popping MORE tags! Check the
thread
!
Quizzes
Events
Quiz Creation
Community
Videos
Private Events
Remove Ads
Sign In
Join for FREE
Feedback
Dark Mode
Quiz Categories
Sports
Geography
Music
Movies
Television
Just For Fun
Miscellaneous
History
Literature
Language
Science
Gaming
Entertainment
Religion
Holiday
For Kids
Quiz Lab
Recent
Popular Today
Quiz Kudos Today
Editor Picks
Curator Picks
Quizzes by...
Day
Popularity
Type
Ratings
Length
Year
Community
Subscriptions
Recent Discussions
Orange Saloon
Badges
Playlists
Quests
Create
Leaderboards
Showdown
Live 5
Trivia Bingo
Activity
Puzzle Library
Sporcle Events
Private Events
Virtual Trivia
Globe League
Become a Host
Pub Owners
SporcleCon
Opinionation
Our Games
Videos
Blog
Mobile Apps
Partnerships
Remove Ads and Go Orange
Feedback
Sports
Athletes
MLB
NBA
NHL
NFL
Soccer
Sports Teams
WWE
NCAA
Football
Premier League
Basketball
Baseball
Hockey
Golf
Tennis
Cricket
Rugby
Auto Racing
Olympics
World Cup
Sports
Athletes
MLB
NBA
NHL
NFL
Soccer
Sports Teams
WWE
NCAA
Football
Premier League
Basketball
Baseball
Hockey
Golf
Tennis
Cricket
Rugby
Auto Racing
Olympics
World Cup
Random Quiz
Search Sporcle
×
Quiz Lab
Quiz Lab
Sports
Football
Type in answers that appear in a list
Type in answers that appear in a list
Classic
Best Score? Go Orange.
100 Greatest Footballers Of All Time (Bleacher Report) Stats
Can you name the 100 Greatest Footballers Of All Time (According to Bleacher Report)?
By
shute92
15m
100 Questions
2,589 Plays
2,589 Plays
2,589 Plays
Comments
Comments
Give Quiz Kudos
Give Quiz Kudos
-
- Ratings
hide this ad
Replay
Link that replays current quiz
Next Quiz
Link to next quiz in quiz playlist
You Got
0%
They Got
Avg Score
39%
Avg Friend Score
Upgrade to see
Score Distribution
Jump to the score distribution portion of the page
Score
0/100
Timer
15:00
0
Plays Today
Rank
Player
% Correct
2
Pele
96.4%
86
Abedi Pele
96.4%
3
Diego Maradona
93.3%
6
Ronaldo
93%
1
Johan Cruyff
89.9%
12
Zinedine Zidane
84.8%
5
Franz Beckenbauer
80.9%
4
Michel Platini
77.3%
24
Paolo Maldini
72.1%
10
Bobby Charlton
69.8%
15
Ferenc Puskas
69.2%
11
Marco Van Basten
68.7%
13
Eusebio
68.7%
34
George Best
68.6%
17
Gerd Muller
67.5%
7
Alfredo Di Stefano
65.5%
27
Ronaldinho
65.1%
28
Bobby Moore
62.1%
90
Luigi Riva
60.2%
9
Garrincha
59.7%
31
Luis Figo
58.9%
85
Ruud Gullit
58.5%
20
Roerto Baggio
57.9%
49
Lev Yashin
56.6%
40
Zico
56.5%
23
Roberto Carlos
56%
36
Rivaldo
55.5%
14
Franco Baresi
54.8%
71
George Weah
53%
42
Romario
52.4%
30
Lothar Matthaus
50.1%
74
Dino Zoff
49.8%
79
Paolo Rossi
47.9%
26
Cafu
47.9%
Rank
Player
% Correct
21
Kenny Dalglish
47.4%
50
Gheorghe Hagi
46.6%
29
Hugo Sanchez
45.9%
57
Luis Suarez
45.1%
59
Socrates
44.8%
88
Pavel Nedved
44.6%
58
Dennis Bergkamp
42.9%
70
Gordon Banks
41.8%
77
Mario Kempes
40.5%
84
Alan Shearer
39.8%
95
Gabriel Batistuta
39.7%
8
Giuseppe Meazza
39.5%
100
Davor Suker
38.9%
22
Ian Rush
38.8%
33
Jurgen Klinsmann
36.9%
66
Oliver Kahn
36.8%
38
Denis Law
36.3%
46
Carlos Alberto
36.3%
61
Fabio Cannavaro
35.6%
72
Stanley Matthews
34.9%
62
Jairzinho
34.1%
51
Karl-Heinz Rummenigge
34%
64
Kevin Keegan
32.5%
67
Johann Neeskens
32.4%
39
Eric Cantona
32.1%
44
Marcel Desailly
31.7%
48
Ronald Koeman
29.4%
25
Raymond Kopa
29.2%
87
Rui Costa
28.6%
69
Rivellino
28.5%
89
Paul Gascoigne
27.8%
35
Rudi Voller
27.8%
47
Giovanni Rivera
27.7%
73
Fernando Hierro
27.4%
Rank
Player
% Correct
75
Emilio Butragueno
27.4%
53
Didi
27.4%
83
John Charles
27.2%
65
Lillian Thuram
26.8%
19
Jimmy Greaves
24.8%
78
Zbigniew Boniek
24.2%
98
Patrick Kluivert
23.6%
80
Jean-Pierre Papin
23.2%
92
Edgar Davids
21.4%
60
Uwe Seeler
21.4%
45
Giancinto Facchetti
20%
52
Josef Masopust
18.3%
18
Matthias Sindelar
17.1%
82
Oleg Blokhin
16.8%
41
Gunnar Nordahl
16.6%
93
Enzo Francescoli
15%
55
Omar Sivori
14.5%
56
Hans Krankl
12.2%
91
Claudio Taffarel
10.6%
32
Claudio Gentile
10.3%
16
Telmo Zarra
10%
94
Elias Figueroa
9.9%
54
Silvio Piola
9.2%
81
Jose Altafini
8%
37
Amancio
7%
97
Bruno Conti
7%
99
Julio Cesar Romero
5.7%
76
Giampiero Boniperti
5%
96
Hector Scarone
3.3%
63
Steve Bloomer
2.9%
43
Rafael Aranzadi
2%
68
Cesar Rodriguez Alvarez
1.1%
Quiz Playlist
Details
Report
Send in Message
Add To Playlist
Classic:
Type in answers that appear in a list
Quiz Source
Last Updated: Feb 4, 2019
Quiz Scoreboard
CHALLENGE
Sign Up to Join the Scoreboard
Show All
Scores
Hide
Comments
May contain spoilers
Recently Published
Image Sorting: Flags VI
by Barbecue
Geography
2m
Find the 'City' Movie
by crazypaving
Movies
60s
Colored Red Africa Blitz
by spor1
Geography
45s
More to Explore
Quiz From the Vault
Featured Blog Post
14 Easter Pick-up Lines to Find Eggs With
hide this ad
You Might Also Like...
Tags
Football Quiz
Soccer Quiz
greatest
Player
Top 100
Today's Top Quizzes in Sports
Browse Sports
hide this ad
Today's Top Quizzes in Football
Browse Football
Top Contributed Quizzes in Sports
1
Les meilleurs buteurs des matchs entre le PSG et l’OM
2
Les entraîneurs de l'OM et du PSG au 21e siècle
3
Les joueurs passés par le PSG et l'OM
4
2022 World Cup Stars
5
Players with Multiple 50 Home Run Seasons
6
Criteria MLB: Left Handed Sluggers
7
Les joueurs passés par le LOSC et le RC Lens
8
NBA Logic Puzzle 2.0
9
MLB Players with Two .350 Batting Average Seasons
10
FIFA Club World Cup Champions
Explore More
Trending Topics
Anime
Harry Potter
Kpop
Marvel
Crossword
NBA
Disney
Country
Pokémon
WWE
Song
The Office
Puzzle
Soccer
NFL
hide this ad
More By:
shute92
Quiz
Plays
Rating
Category
Featured
Created
UEFA European Championship Winner's Starting 11
5,573
4.00
Sports
Mar 23, 2017
FourFourTwo Top 100 Foreign Players In Premier League
3,303
2.60
Sports
Mar 22, 2017
FIFA FIFPro World Teams Of The Year
2,956
5.00
Sports
Jan 27, 2016
FourFourTwo Top 100 Players 2016
2,639
4.80
Sports
Dec 16, 2016
100 Greatest Footballers Of All Time (Bleacher Report)
2,589
3.17
Sports
Jun 2, 2014
Go to Creator's Profile
Score Distribution
Quiz Creator Spotlight
shute92
Follow
Send a Message
Quizzes Created
-
Created Quiz Play Count
-
More By This Creator
Popular Quizzes Today
1
Colored Red Africa Blitz
2
Find the US States - No Outlines Minefield
3
Find the 'City' Movie
4
5x2 Blitz: Bands
5
The Countries of the World
6
Find the US States
7
Find the Countries of Europe - No Outlines Minefield
8
US States
More Sports Quizzes
Profile: Max Verstappen
Quiz Lab
Trending Quizzes
Colored Red Europe Blitz I
Colored Red Europe Blitz II
Colored Red Africa Blitz II
Colored Red Europe Blitz III
Colored Red Africa Blitz III
Recently Updated
How Do You Spell That?
pecheneg
Godzilla Movies
pecheneg
Grab Bag: 4-10 Letters
pecheneg
2024 March Madness Bracket
pecheneg
Famous TV Couples
Peacemaker
Champions League XIs: Real Madrid
pecheneg
Largest US Cities 1790-2010
pecheneg
Rides in Walt Disney World
pecheneg
Most Oscar Losses (Acting)
pecheneg
Beyoncé Albums
pecheneg
Trending Topics
Harry Potter
Kpop
Marvel
Disney
NBA
Crossword
Anime
Country
Song
The Office
Puzzle
NFL
WWE
Soccer
Pokémon
Your Account Isn't Verified!
In order to create a playlist on Sporcle, you need to verify the email address you used during registration. Go to your
Sporcle Settings
to finish the process.
Report this User
Report this user for behavior that violates our
Community Guidelines
.
Details:
Send Report
Go to the Sporcle.com Mobile Site →
Comments